000 00452nam a2200157Ia 4500
008 240729s9999 xx 000 0 und d
022 _a2330-0000
245 0 _aTransactions of the American Mathematical Society. Series B
260 _aUnited States
260 _bAmerican Mathematical Society
650 _a Mathematics
650 _aScience
856 _uhttps://doaj.org/toc/cb4c768ea4b54afea5f9081beeea73b5
942 _2ddc
942 _cDOAJEJ
999 _c67262
_d67262
945 _a1
_bMadushi Gamage
_c1
_dMadushi Gamage